000 00430nam a2200145Ia 4500
008 230411s9999 xx 000 0 und d
020 _a978-93-5025-204-8
041 _aeng
082 _aF/610.73069/CLE/B06597
100 _aClement I
_9119826
245 _aNursing Solved Question Papers for General Nursing and Midwifery 3rd Year
260 _bJaypee Brothers
_aNew Delhi
_c2010
300 _a460p
999 _c156963
_d156963